Statystyki dla Transfery Legii w letnim okienku transferowym 2020/2021.

Kliknij tutaj aby rozwiązać quiz!

Ogólne statystyki

  • Ten quiz został rozwiązany 40 razy
  • Średni wynik to 5 z 6

Statystyki odpowiedzi

CenaPozycjaPoprzedni klubPiłkarz% Poprawnych
Za darmoOfensywny pomocnikLeicesterKapustka
97%
Za darmoBramkarzBournemouthBoruc
95%
Za darmoLewy obrońcaLechia GdańskMladenovic
95%
WypożyczeniePrawy napastnikBrentfordValencia
92%
150 tysŚrodkowy napastnikCracoviaLopes
89%
400 tysPrawy obrońcaHajduk SplitJuranovic
81%

Rozkład punktacji

Percentyl według liczby udzielonych odpowiedzi

Procent ludzi z każdym wynikiem

Twoja historia wyników

Nie rozwiązałeś tego quizu